000 00473pam a2200157 a 4500
020 _a0679441328
050 0 0 _aPS3553.A68
_bC48 1995
100 1 _aCarlile, Clancy,
_d1930-
245 1 0 _aChildren of the dust /
_cClancy Carlile.
250 _a1st ed.
260 _aNew York :
_bRandom House,
_cc1995.
300 _a428 p. ;
650 _xOklahoma ;
_xOklahoma Land Rush (1889).
856 4 2 _uhttp://www.loc.gov/catdir/description/random0412/94043918.html
942 _2lcc
_cGEN
999 _c10621
_d10621